Sutan Baginda
| Main Author: | |
|---|---|
| Format: | Book |
| Published: |
Kuala Lumpur :
DBP ,
1991
|
| Subjects: |
MARC
| LEADER | 00000cam a2200000 7i4500 | ||
|---|---|---|---|
| 001 | 0000006553 | ||
| 002 | 000007068 | ||
| 005 | 20000330.0 | ||
| 020 | |a 9836209344 | ||
| 090 | 0 | 0 | |a F |b SHA |
| 100 | 0 | |a Shahnon Ahmad | |
| 245 | 1 | 0 | |a Sutan Baginda |c Shahnon Ahmad |
| 260 | |a Kuala Lumpur : |b DBP , |c 1991 | ||
| 300 | |a 115 p. ; |c 20 cm. | ||
| 650 | 0 | 0 | |a Political fiction |
| 999 | |a 039835 |b BUKU |c PINJAMAN |e PERPUSTAKAAN KOMUNITI PETALING JAYA | ||
| 999 | |a 039836 |b BUKU |c PINJAMAN |e PERPUSTAKAAN KOMUNITI PETALING JAYA | ||